| 000 | 00000nam 2200000za 4500 |
| 001 | 9.842886 |
| 003 | CaOODSP |
| 005 | 20221107152423 |
| 007 | cr ||||||||||| |
| 008 | 170831s1953 oncao ob f000 0 eng d |
| 040 | |aCaOODSP|beng |
| 043 | |an-cn--- |
| 086 | 1 |aR5-441/1953E-PDF |
| 100 | 1 |aBarbeau, M. |
| 245 | 10|aHaida myths illustrated in argillite carvings |h[electronic resource] / |cMarius Barbeau. |
| 260 | |aOttawa : |bDepartment of Resources and Development, National Parks Branch : |bNational Museum of Canada, |c1953. |
| 300 | |aix, 417 p. : |bill., photographs |
| 490 | 1 |aBulletin ; |vno. 127 |
| 490 | 0 |aAnthropological series ; |vno. 32 |
| 500 | |aDigitized edition from print [produced by Indigenous and Northern Affairs Canada]. |
| 504 | |aIncludes bibliographical references. |
| 520 | |a"This volume is designed to illustrate Haida argillite carvings. The illustrations are mostly, but not exclusively, in argillite. A few wood carvings happened to bear so aptly on the same mythological themes that they could not fairly be left out"--Preface, vii. |
| 692 | 07|2gccst|aCanadian history |
| 693 | 4|aHaida myths |
| 693 | 4|aAgillite carvings |
| 710 | 1 |aCanada. |bDept. of Resources and Development. |
| 710 | 1 |aCanada. |bNational Parks Branch. |
| 710 | 2 |aNational Museums of Canada. |
| 830 | #0|aBulletin (National Museum of Canada)|w(CaOODSP)9.907091 |
| 856 | 40|qPDF|s147.29 MB|uhttps://publications.gc.ca/collections/collection_2018/aanc-inac/R5-441-1953-eng.pdf |